| 000 | 00645nam a2200205 a 4500 | ||
|---|---|---|---|
| 001 | 1812879 | ||
| 003 | AM-YEHGA | ||
| 005 | 20250618080138.0 | ||
| 008 | 220117s2021 ai a||||r|||||||||0|arm|d | ||
| 020 | _a9789939757278 | ||
| 040 | _aAM-YeHGA | ||
| 041 | 0 | _aarm | |
| 100 | 1 | _aԾաղիկեան, Սաթենիկ | |
| 245 | 1 | 0 |
_aԱնմոռաց տարիներ ։ _bՅետադարձ հայացք դէպի արմատներ / _cՍ. Ծաղիկեան. |
| 260 |
_aԵրևան : _bԷդիթ Պրինտ, _c2021. |
||
| 300 |
_a203 էջ ։ _bնկ. ; _c20 սմ. |
||
| 650 | 1 | 4 |
_aՀայ հուշագրություն _95766 |
| 942 |
_2udc _cBK |
||
| 090 | _c568640 | ||
| 999 |
_c530088 _d530088 |
||